00686nam a2200181 i 450000100060000000300090000600500170001500700030003200800410003510000290007624501230010526000350022830000300026370000430029385200310033699900170036795201200038490757ES-MaACL20230906180542.0t|050124s1981 sp ||||1| spa d1 aLeithe, Wolfgang.97140613aLa química y la protección del medio ambiente / cWolfgang Leithe ; [traducido por José Antonio Díaz Pinilla]. aMadrid : b[Paraninfo, c1981] a159 p. : bil. ; c22 cm.1 aDíaz Pinilla, José Antonio.944394 aES-MaACLjL-587 bR.101224 c90757d90757 00104070aATENEOMbATENEOMcDEPO2d2008-01-17eSCl0oL-587p1094762r2023-02-23 00:00:00w2023-02-23yMONOGRAFIA